00968nam a2200253 a 450000100100000000500170001000800410002702000150006804000250008308200180010810000350012624500900016126000330025130000210028449000220030550400330032765000600036065000640042065000330048483000300051791000370054795201150058499900150069900000277420200929150244.0850730s1990 sp b 001 0 spa  a8423318893 aDO-SdBNPbspacBNPHU a864.64bA694h1 aArgullol, Rafael,d1949-9874713aEl héroe y el único :bel espiritu trágico del romanticismo /cRafael Argullol. aBarcelona :bDestino,c1990. a463 p. ;c18 cm.1 aDestinolibrov307 aBibliografía : p. 435-445. 4aEnsayos españolesxCrítica e interpretación98748 4aLiteratura españolaySIGLO XXxHistoria y crítica93061 4aRomanticismozEspaña98749 0aDestinolibro ;n30798750 aValidado. Control de calidad MFF 001050718MOaGRbGRcHDd2009-07-03iLF1l0o864.64 A694hp2774-10r2020-06-25w2020-06-25y1ZNo se presta c2608d2608